<?xml version="1.0" encoding="UTF-8"?>
<collection xmlns="http://www.loc.gov/MARC21/slim">
 <record>
  <leader>01430nam a2200217Ia 4500</leader>
  <controlfield tag="001">CTU_125096</controlfield>
  <controlfield tag="008">210402s9999    xx            000 0 und d</controlfield>
  <datafield tag="020" ind1=" " ind2=" ">
   <subfield code="c">295000</subfield>
  </datafield>
  <datafield tag="082" ind1=" " ind2=" ">
   <subfield code="a">344.59701</subfield>
  </datafield>
  <datafield tag="082" ind1=" " ind2=" ">
   <subfield code="b">B450</subfield>
  </datafield>
  <datafield tag="245" ind1=" " ind2="0">
   <subfield code="a">Bộ luật lao động 2007 :</subfield>
  </datafield>
  <datafield tag="245" ind1=" " ind2="0">
   <subfield code="b">Luật công đoàn, tiền lương, bảo hiểm xã hội, hợp đồng lao động, dạy nghề giải quyết tranh chấp và các chính sách mới đối với người lao động (thực hiện từ 11-4-2007)</subfield>
  </datafield>
  <datafield tag="245" ind1=" " ind2="0">
   <subfield code="c">Thanh Thảo, Kim Anh (sưu tầm và hệ thống hóa)</subfield>
  </datafield>
  <datafield tag="260" ind1=" " ind2=" ">
   <subfield code="a">Hà Nội</subfield>
  </datafield>
  <datafield tag="260" ind1=" " ind2=" ">
   <subfield code="b">Lao động - Xã hội</subfield>
  </datafield>
  <datafield tag="260" ind1=" " ind2=" ">
   <subfield code="c">2007</subfield>
  </datafield>
  <datafield tag="520" ind1=" " ind2=" ">
   <subfield code="a">Sách cung cấp các thông tin về luật lao động năm 1994 và luật sửa đổi bổ sung một số điều của bộ luật lao động năm 2002, 2006 và 2007. Sách gồm 2 phần chính. Phần 1 hỏi đáp về bộ luật lao động (đã sửa đổi, bổ sung năm 2002, 2006, 2007). Phần 2 bộ luật lao động đã sửa đổi, bổ sung năm 2002, 2006, 2007 và văn bản hướng dẫn thi hành với 12 chuyên mục liên quan</subfield>
  </datafield>
  <datafield tag="650" ind1=" " ind2=" ">
   <subfield code="a">Labor laws and legislation</subfield>
  </datafield>
  <datafield tag="650" ind1=" " ind2=" ">
   <subfield code="z">Vietnam</subfield>
  </datafield>
  <datafield tag="904" ind1=" " ind2=" ">
   <subfield code="i">H. Mai</subfield>
  </datafield>
  <datafield tag="980" ind1=" " ind2=" ">
   <subfield code="a">Trung tâm Học liệu Trường Đại học Cần Thơ</subfield>
  </datafield>
 </record>
</collection>
